D'un ton apocalyptique adopté naguère en philosophie / (Record no. 55477)
[ view plain ]
| 000 -LEADER | |
|---|---|
| campo de control de longitud fija | 00639nam a2200229 i 4500 |
| 001 - NÚMERO DE CONTROL | |
| campo de control | 55477 |
| 003 - IDENTIFICADOR DE NÚMERO DE CONTROL | |
| campo de control | ES-MaACL |
| 005 - FECHA Y HORA DE LA ÚLTIMA TRANSACCIÓN | |
| campo de control | 20230906163144.0 |
| 007 - CAMPO FIJO DE DESCRIPCIÓN FÍSICA--INFORMACIÓN GENERAL | |
| campo de control de longitud fija | t| |
| 008 - DATOS DE LONGITUD FIJA--INFORMACIÓN GENERAL | |
| campo de control de longitud fija | 030922s1983 fr |||| | fre d |
| 020 ## - NÚMERO INTERNACIONAL ESTÁNDAR DEL LIBRO | |
| Número Internacional Estándar del Libro | 2-7186-0243-0 |
| 100 1# - ENTRADA PRINCIPAL--NOMBRE DE PERSONA | |
| Nombre de persona | Derrida, Jacques. |
| 9 (RLIN) | 43797 |
| 245 10 - MENCIÓN DEL TÍTULO | |
| Título | D'un ton apocalyptique adopté naguère en philosophie / |
| Mención de responsabilidad, etc. | Jacques Derrida. |
| 260 ## - PUBLICACIÓN, DISTRIBUCIÓN, ETC. | |
| Lugar de publicación, distribución, etc. | Paris : |
| Nombre del editor, distribuidor, etc. | Galilée, |
| Fecha de publicación, distribución, etc. | [1983] |
| 300 ## - DESCRIPCIÓN FÍSICA | |
| Extensión | 98 p., 4 h. de lám. ; |
| Dimensiones | 19 cm. |
| 490 1# - MENCIÓN DE SERIE | |
| Mención de serie | Debats |
| 650 04 - PUNTO DE ACCESO ADICIONAL DE MATERIA--TÉRMINO DE MATERIA | |
| Término de materia o nombre geográfico como elemento de entrada | Filosofía- |
| Subdivisión cronológica | S.XX. |
| 9 (RLIN) | 12826 |
| 650 04 - PUNTO DE ACCESO ADICIONAL DE MATERIA--TÉRMINO DE MATERIA | |
| Término de materia o nombre geográfico como elemento de entrada | Mesianismo. |
| 9 (RLIN) | 164948 |
| 830 0# - PUNTO DE ACCESO ADICIONAL DE SERIE-TÍTULO UNIFORME | |
| Título uniforme | Debats |
| 9 (RLIN) | 179595 |
| 852 ## - LOCALIZACIÓN | |
| Ubicación | ES-MaACL |
| Número de control de estantería | L-11354 |
| Estatus retirado | Estado de pérdida | Estado de daño | No para préstamo | Biblioteca de origen | Biblioteca actual | Ubicación en estantería | Fecha de adquisición | Fuente de adquisición | Total de préstamos | Signatura topográfica completa | Código de barras | Visto por última vez | Precio de reemplazo | Tipo de ítem Koha |
|---|---|---|---|---|---|---|---|---|---|---|---|---|---|---|
| Biblioteca del Ateneo de Madrid | Biblioteca del Ateneo de Madrid | Depósito 2 | 17/01/2008 | L-11354 | 1058285 | 23/02/2023 | 23/02/2023 | Libro impreso |
